Strategic and responsive evaluation of peacebuilding : (Record no. 126049)
[ view plain ]
| 000 -LEADER | |
|---|---|
| fixed length control field | 01411cam a2200325 a 4500 |
| 001 - CONTROL NUMBER | |
| control field | 15212005 |
| 003 - CONTROL NUMBER IDENTIFIER | |
| control field | ARRUPE |
| 005 - DATE AND TIME OF LATEST TRANSACTION | |
| control field | 20170207162626.0 |
| 008 - FIXED-LENGTH DATA ELEMENTS--GENERAL INFORMATION | |
| fixed length control field | 080310s2002 ke a 100 0 eng c |
| 010 ## - LIBRARY OF CONGRESS CONTROL NUMBER | |
| LC control number | 2008349242 |
| 020 ## - INTERNATIONAL STANDARD BOOK NUMBER | |
| International Standard Book Number | 9966990526 |
| 020 ## - INTERNATIONAL STANDARD BOOK NUMBER | |
| International Standard Book Number | 9789966990525 |
| 035 ## - SYSTEM CONTROL NUMBER | |
| System control number | (OCoLC)ocm60347180 |
| 040 ## - CATALOGING SOURCE | |
| Original cataloging agency | CSt |
| Transcribing agency | STF |
| Modifying agency | DLC |
| 042 ## - AUTHENTICATION CODE | |
| Authentication code | pcc |
| -- | lcode |
| 043 ## - GEOGRAPHIC AREA CODE | |
| Geographic area code | f------ |
| 050 00 - LIBRARY OF CONGRESS CALL NUMBER | |
| Classification number | JZ5584.A35 |
| Item number | A317 2002 |
| 300 ## - PHYSICAL DESCRIPTION | |
| Other physical details | ill. ; |
| Dimensions | 25 cm. |
| 111 2# - MAIN ENTRY--MEETING NAME | |
| Meeting name or jurisdiction name as entry element | Action-Reflection Seminar |
| Number of part/section/meeting | (2nd : |
| Date of meeting | 2001 : |
| Location of meeting | Naivasha, Kenya) |
| 9 (RLIN) | 28600 |
| 245 10 - TITLE STATEMENT | |
| Title | Strategic and responsive evaluation of peacebuilding : |
| Remainder of title | towards a learning model : report of the Second Action-Reflection Seminar convened by NPI-Africa and the NCCK-CPBD Project : Naivasha, Kenya, March 2001. |
| Statement of responsibility, etc | Community peace building and development project |
| 260 ## - PUBLICATION, DISTRIBUTION, ETC. (IMPRINT) | |
| Place of publication, distribution, etc | Nairobi : |
| Name of publisher, distributor, etc | NPI-Africa ; |
| Place of publication, distribution, etc | Eldoret : |
| Name of publisher, distributor, etc | NCCK, |
| Date of publication, distribution, etc | c2002. |
| 300 ## - PHYSICAL DESCRIPTION | |
| Extent | 32 p. : |
| 650 #0 - SUBJECT ADDED ENTRY--TOPICAL TERM | |
| Topical term or geographic name as entry element | Peace-building |
| Geographic subdivision | Africa |
| General subdivision | Evaluation |
| Form subdivision | Congresses. |
| 9 (RLIN) | 28601 |
| 650 #0 - SUBJECT ADDED ENTRY--TOPICAL TERM | |
| Topical term or geographic name as entry element | Conflict management |
| Geographic subdivision | Africa |
| Form subdivision | Congresses. |
| 9 (RLIN) | 28602 |
| 650 #0 - SUBJECT ADDED ENTRY--TOPICAL TERM | |
| Topical term or geographic name as entry element | Ethnic conflict |
| Geographic subdivision | Kenya |
| Form subdivision | Congresses. |
| 9 (RLIN) | 28603 |
| 710 2# - ADDED ENTRY--CORPORATE NAME | |
| Corporate name or jurisdiction name as entry element | Nairobi Peace Initiative-Africa. |
| 9 (RLIN) | 28604 |
| 710 2# - ADDED ENTRY--CORPORATE NAME | |
| Corporate name or jurisdiction name as entry element | Community Peace and Development Project (National Council of Churches of Kenya) |
| 9 (RLIN) | 28605 |
| 906 ## - LOCAL DATA ELEMENT F, LDF (RLIN) | |
| a | 7 |
| b | cbc |
| c | pccadap |
| d | 3 |
| e | ncip |
| f | 20 |
| g | y-gencatlg |
| 942 ## - ADDED ENTRY ELEMENTS (KOHA) | |
| Source of classification or shelving scheme | Library of Congress Classification |
| Koha item type | Monograph ( Printed materials) |
| Withdrawn status | Lost status | Source of classification or shelving scheme | Damaged status | Not for loan | Collection code | Home library | Current library | Shelving location | Date acquired | Total Checkouts | Full call number | Barcode | Date last seen | Date checked out | Price effective from | Koha item type |
|---|---|---|---|---|---|---|---|---|---|---|---|---|---|---|---|---|
| Library of Congress Classification | Main Collection | ARRUPE LIBRARY | ARRUPE LIBRARY | Main Collection | 07/02/2017 | 1 | JZ5584.A35 A317 2002 | 46500023982 | 06/02/2020 | 24/01/2020 | 07/02/2017 | Monograph ( Printed materials) |